Punctuation made easy

Bibliographic Details
Main Author: Cipriano, Jeri
Format: Book
Published: Illinois : Louis Weber , 2003
Series:Learning Made Easy
Subjects:

MARC

LEADER 00000cam a2200000 7i4500
001 0000080024
005 20040806.0
020 |a 0785388443 
090 0 0 |a 428.2   |b CIP 
100 1 |a Cipriano, Jeri 
245 1 0 |a Punctuation made easy   |c Jeri Cipriano 
260 |a Illinois :   |b Louis Weber ,   |c 2003 
300 |a 128p. ;   |c 25cm. 
490 0 |a Learning Made Easy 
650 0 0 |a English language   |x Pronunciation   |x Study and teaching 
999 |a 00166176   |b BUKU   |c PINJAMAN   |e PERPUSTAKAAN KOMUNITI PETALING JAYA